000 00316nam a22001337a 4500
008 170823b xxu||||| |||| 00| 0 eng d
020 _a0122795067
041 _aeng
080 _a51
100 _a38
101 _aMAT
245 _aREPRESENTATION THEORY AND AUTOMORPHIC FUNCTIONS
_cGEL'FAND,I,M
942 _2udc
_cBK
999 _c24721
_d24721